000 00554nam a2200193Ia 4500
003 IN-BaIIA
008 211028s9999 xx 000 0 eng d
040 _cIIA Library
080 _a535
_bONE
100 _aOneill, Edward L.
_95632
245 0 _aIntroduction to statistical optics
_cOneill, Edward L.
260 _aReading
_bAddison-Wesley
_c1963
300 _ax, 179p
490 _aAddison-Wesley series in advanced physics
650 _aAstronomy and Astrophysics Thesaurus
650 _aOptics
650 _aStatistical Optics
_95633
942 _cBK
999 _c3173
_d3173